000 01905nam a22002657a 4500
003 OSt
005 20210304141113.0
008 210304s2010 ck ao||gr|||| 00| 0dspa d
020 _a9789587084597
040 _aCO-JMCR
_cCO-JMCR
041 0 _aspa
082 0 4 _a986.125 /
_bM828s
_223
100 1 _aMorales Sierra, Rubby Stella,
_eautora
_914369
245 1 0 _aSanta Cruz de la Colina - Matanza :
_b100 años, memorias y relatos /
_cRubby Stella Morales Sierra
250 _aPrimera edición
260 _aBucaramanga :
_bSic Editorial,
_c2010
300 _a156 páginas :
_bilustraciones y fotografías a color y a blanco y negro ;
_c27 cm.
500 _aIncluye notas a pie de página y datos biográficos de la autora.
504 _aBibliografía: página 156
505 0 _aDe Santa Cruz de la Colina...lo mejor -- Un siglo de memorias -- Viaje al paraíso -- El encanto de la colina -- Orígenes -- El siglo del café -- De Santa Cruz a Roma -- Memorias de un líder -- Tierra de promesas -- La fuerza femenina -- El ingeniero de caminos -- Memoria de fundadores -- Expreso Lusitania -- Los antiguos jornaleros -- Libertad y felicidad -- Alerta ambiental -- Compromiso y añoranzas -- El colegio -- Los nuevos lideres -- El cuarto de hora de La Colina -- El poder local -- Una particular historia de amor -- Los caminos de Dios -- El tejido social -- Los días aciagos -- Hechos y personajes de leyenda -- La cuerda y los gallos -- Los nuevos pobladores -- Hacia el Siglo XXI -- Los retos de la gente joven -- Obras, planes y proyectos -- Símbolos de Santa Cruz de La Colina -- Breve historia de matanza
651 4 _aSanta Cruz de la Colina (Santaner)
_xhistoria
_914370
651 4 _aVereda Santacruz de la Colina (Matanza, Santander, Colombia)
_xhistoria
_914371
651 4 _aVereda Santacruz de la Colina (Matanza, Santander, Colombia)
_xvida social y costumbres
_914372
942 _2ddc
_cBK
999 _c7444
_d7444